Normal view
MARC view
- Tanveer Zahoor
Entry Personal Name
001 - CONTROL NUMBER
- control field: 9783
003 - CONTROL NUMBER IDENTIFIER
- control field: NUST
005 - DATE AND TIME OF LATEST TRANSACTION
- control field: 20180124153159.0
008 - FIXED-LENGTH DATA ELEMENTS
- fixed length control field: 180124|| aca||aabn | a|a d
040 ## - CATALOGING SOURCE
- Original cataloging agency: NUST
- Transcribing agency: NUST
100 ## - HEADING--PERSONAL NAME
- Personal name: Tanveer Zahoor
670 ## - SOURCE DATA FOUND
- Source citation: Work cat.: (NUST)324263: Tanveer Zahoor, Muneer Niazi Ki Baatein Yaadein, 2014
